logo

Bir Sreshtho Munshi Abdur Rouf Library
Jhenaidah Cadet College

সকলের জন্য পদার্থবিদ্যা-৩ (Record no. 2377)

MARC details
000 -LEADER
fixed length control field 00810nam a2200217 a 4500
001 - CONTROL NUMBER
JCCL Control Number 2377
003 - CONTROL NUMBER IDENTIFIER
JCCL marc code BD-JhCC
005 - DATE AND TIME OF LATEST TRANSACTION
control field 20191212134008.0
008 - FIXED-LENGTH DATA ELEMENTS--GENERAL INFORMATION
fixed length control field 171101s2012 bg ||||| |||| 00| 0 ben d
035 ## - SYSTEM CONTROL NUMBER
system control number (BD-JhCC)2377
040 ## - CATALOGING SOURCE
Original cataloging agency BD-JhCC
Modifying agency BD-JhCC
041 ## - LANGUAGE CODE
Language code of Book ben
082 ## - DEWEY DECIMAL CLASSIFICATION NUMBER
Classification number 537
Author mark and Year KIT 2012
100 ## - MAIN ENTRY--PERSONAL NAME
Personal name কিতাইগারোদস্কি, আ.
245 ## - TITLE STATEMENT
Title সকলের জন্য পদার্থবিদ্যা-৩
Remainder of title ইলেক্ট্রন /
Statement of responsibility, etc আ. কিতাইগারোদস্কি; শান্তি শেখর সিংহ (অনুবাদ)
260 ## - PUBLICATION, DISTRIBUTION, ETC. (IMPRINT)
Place of publication, distribution, etc ঢাকা :
Name of publisher, distributor, etc অনুপম প্রকাশনী ;
Date of publication, distribution, etc ২০১২
300 ## - PHYSICAL DESCRIPTION
Pagination ১৯১ পৃ. ;
Dimensions ২২ সেমি
650 ## - SUBJECT ADDED ENTRY--TOPICAL TERM
Topical term or geographic name as entry element Electrons
650 ## - SUBJECT ADDED ENTRY--TOPICAL TERM
Topical term or geographic name as entry element Electricity
942 ## - ADDED ENTRY ELEMENTS (KOHA)
Source of classification or shelving scheme Dewey Decimal Classification
Koha item type Books
Koha issues (borrowed), all copies 2
Holdings
Source of classification or shelving scheme Damaged status Not for loan Home library Current library Shelving location Date of accession Cost, normal purchase price Total Checkouts Full call number Barcode Date last seen Date checked out Copy number Koha item type
Dewey Decimal Classification     JCC Rouf Library JCC Rouf Library General Stacks 11/01/2017 200.00 2 537 KIT 2012 2779 05/30/2024 05/29/2024 C-1 Books

JCC Library | Contacts | JCC Home

Last Update on 23 September 2017
Copyright @ 2017-2020 JCC Rouf Library
Rouf Library, Jhenidah Cadet College (JCC), Bangladesh